Gây trồng và phát triển song mây
Gorde:
| Egile nagusia: | |
|---|---|
| Formatua: | Liburua |
| Hizkuntza: | Undetermined |
| Argitaratua: |
H.
VHDT
2000
|
| Gaiak: | |
| Etiketak: |
Etiketa erantsi
Etiketarik gabe, Izan zaitez lehena erregistro honi etiketa jartzen!
|
| Thư viện lưu trữ: | Trung tâm Học liệu Trường Đại học Cần Thơ |
|---|
| LEADER | 00520nam a2200193Ia 4500 | ||
|---|---|---|---|
| 001 | CTU_58604 | ||
| 008 | 210402s9999 xx 000 0 und d | ||
| 020 | |b 12000 | ||
| 082 | |a 633.58 | ||
| 082 | |b D513 | ||
| 100 | |a Vũ Văn Dũng | ||
| 245 | 0 | |a Gây trồng và phát triển song mây | |
| 245 | 0 | |c Vũ Văn Dũng và Lê Huy Cường | |
| 260 | |a H. | ||
| 260 | |b VHDT | ||
| 260 | |c 2000 | ||
| 650 | |a rattan palms | ||
| 904 | |i Minh | ||
| 980 | |a Trung tâm Học liệu Trường Đại học Cần Thơ | ||